Vector analysis with applications (Record no. 7970)

000 -LEADER
fixed length control field 00491nam a22001937a 4500
001 - CONTROL NUMBER
control field 7970
003 - CONTROL NUMBER IDENTIFIER
control field BD-DhUET
008 - FIXED-LENGTH DATA ELEMENTS--GENERAL INFORMATION
fixed length control field 141221b xxu||||| |||| 00| 0 eng d
040 ## - CATALOGING SOURCE
Transcribing agency 0
Modifying agency BD-DhUET
082 ## - DEWEY DECIMAL CLASSIFICATION NUMBER
Classification number 516.83
Item number ALI/1977
100 ## - MAIN ENTRY--PERSONAL NAME
Personal name Ali Ashraf
245 ## - TITLE STATEMENT
Title Vector analysis with applications
Statement of responsibility, etc. by Ali Ashraf
250 ## - EDITION STATEMENT
Edition statement 1st ed.
260 ## - PUBLICATION, DISTRIBUTION, ETC. (IMPRINT)
Place of publication, distribution, etc. Dhaka
Name of publisher, distributor, etc. Hafiz book centre
Date of publication, distribution, etc. 1977
300 ## - PHYSICAL DESCRIPTION
Extent 340[2]p.
Other physical details ill.
650 #0 - SUBJECT ADDED ENTRY--TOPICAL TERM
Topical term or geographic name as entry element Vector analysis
700 ## - ADDED ENTRY--PERSONAL NAME
Personal name Abdul Khaleq Hazra, Md.
942 ## - ADDED ENTRY ELEMENTS (KOHA)
Koha item type General Book
Holdings
Koha normalized classification for sorting Price effective from Koha item type Koha out on loan Damaged status Koha issues (times borrowed) Koha date last seen Sublocation or collection (holding branch) Copy number Piece designation (barcode) Date acquired Location (home branch) Koha date last borrowed Source of classification or shelving scheme Shelving location Not for loan Withdrawn status Lost status Koha full call number
516_830000000000000_ALI_19772014-12-21General Book  132025-11-09Central Library, BUET1487822014-12-21Central Library, BUET2023-09-26 Circulation section   516.83/ALI/1977
516_830000000000000_ALI_19772015-03-31General Book2024-02-18 92024-02-04Central Library, BUET2487852015-03-31Central Library, BUET2024-02-04 Circulation section   516.83/ALI/1977
516_830000000000000_ALI_19772015-06-07General Book   2015-06-07Central Library, BUET3562152015-06-07Central Library, BUET  Reading section   516.83/ALI/1977
516_830000000000000_ALI_19772015-06-07General Book   2015-06-07Central Library, BUET4562132015-06-07Central Library, BUET  Reading section   516.83/ALI/1977
516_830000000000000_ALI_19772015-06-07General Book   2015-06-07Central Library, BUET5562162015-06-07Central Library, BUET  Reading section   516.83/ALI/1977
516_830000000000000_ALI_19772015-06-07General Book   2015-06-07Central Library, BUET6562182015-06-07Central Library, BUET  Reading section   516.83/ALI/1977
516_830000000000000_ALI_19772015-07-12General Book  12025-11-09Central Library, BUET7562122015-07-12Central Library, BUET2024-10-23 Circulation section   516.83/ALI/1977